Current medical diagnosis and treatment 2019 (Record no. 28832)

MARC details
000 -LEADER
fixed length control field 00539nam a2200181Ia 4500
020 ## - INTERNATIONAL STANDARD BOOK NUMBER
ISBN 9781260117431
050 ## - CALL MARK
Classification number RC 71.3 .C87/
100 ## - STATEMENT OF RESPONSIBILITY--MAIN AUTHOR NAME
Personal name Edited by Maxine A. Papadakis & Stephen J. McPhee
245 #0 - TITLE STATEMENT
Title Current medical diagnosis and treatment 2019
260 ## - PUBLICATION, DISTRIBUTION, ETC. (IMPRINT)
Place of publication New York
260 ## - PUBLICATION, DISTRIBUTION, ETC. (IMPRINT)
Name of publisher McGraw Hill Education
260 ## - PUBLICATION, DISTRIBUTION, ETC. (IMPRINT)
Year of publication 2019
300 ## - PHYSICAL DESCRIPTION
Number of Pages 1884 p
650 ## - SUBJECT ADDED ENTRY--TOPICAL TERM
Topical Term Diagnosis--Problems and Exercises. Therapeutics--Problems and Exercises.
942 ## - ADDED ENTRY ELEMENTS (KOHA)
Koha item type Books
Holdings
Withdrawn status Lost status Source of classification or shelving scheme Damaged status Not for loan Permanent Location Current Location Date acquired Accession Number Price effective from Koha item type
    Library of Congress Classification     NILE UNIVERSITY OF NIGERIA - MAIN LIBRARY NILE UNIVERSITY OF NIGERIA - MAIN LIBRARY 04/23/2025 0195130 04/23/2025 Books